El diablo en el espejo (Record no. 173897)

MARC details
000 -LEADER
campo de control de longitud fija 00856nam a22001575i 4500
001 - NÚMERO DE CONTROL
campo de control 173897
003 - IDENTIFICADOR DE NÚMERO DE CONTROL
campo de control ES-MaACL
005 - FECHA Y HORA DE LA ÚLTIMA TRANSACCIÓN
campo de control 20230906215403.0
008 - DATOS DE LONGITUD FIJA--INFORMACIÓN GENERAL
campo de control de longitud fija 100128s1868 sp |||| | spa d
100 1# - ENTRADA PRINCIPAL--NOMBRE DE PERSONA
Nombre de persona Ballester, Antonio María.
9 (RLIN) 142053
245 13 - MENCIÓN DEL TÍTULO
Título El diablo en el espejo
Resto del título : juguete cómico en dos actos /
Mención de responsabilidad, etc. original de Antonio María Ballester.
260 ## - PUBLICACIÓN, DISTRIBUCIÓN, ETC.
Lugar de publicación, distribución, etc. Valencia :
Nombre del editor, distribuidor, etc. [s.n.],
Fecha de publicación, distribución, etc. 1868 (
Fabricante Imp. á cargo de F. Campos)
300 ## - DESCRIPCIÓN FÍSICA
Extensión 52 p. ;
Dimensiones 17 cm.
500 ## - NOTA GENERAL
Nota general En port.: Estrenado ... en el teatro de la Princesa de Valencia... la noche del 9 de mayo de 1868, y en el teatro Principal en la del 11 del propio mes.
852 ## - LOCALIZACIÓN
Ubicación ES-MaACL
Número de control de estantería F-8627(6)
Nota libre .- Enc. pasta española
condición física .- Falto de la cub. original
Nota libre .- Enc. en un vol. facticio formando parte de la col. facticia "Teatro español moderno", vol. 82
-- .- Firma ms. de Gustavo Saenz Diez, 1876
Holdings
Estatus retirado Estado de pérdida Estado de daño No para préstamo Colección Biblioteca de origen Biblioteca actual Ubicación en estantería Fecha de adquisición Fuente de adquisición Total de préstamos Signatura topográfica completa Código de barras Visto por última vez Precio de reemplazo Tipo de ítem Koha
        Libros del s. XIX Biblioteca del Ateneo de Madrid Biblioteca del Ateneo de Madrid Sala Pecera Planta 2 28/01/2010     F-8627(6) 1182536 23/02/2023 23/02/2023 Libro impreso antiguo